000 00494nam a2200205Ia 4500
005 20230805112408.0
008 131103s9999 xx 000 0 und d
040 _aLoreto College
041 _aEnglish
082 _a920
_bLUN
100 _aLunn,Arnold
245 _aMemory To Memory
_cArnold Lunn
260 _aLondon
_bHollis & Carter
_c1956
300 _axi,268 p.
504 _aIncludes index
650 _aLunn,Arnold
651 _aAutobiography
850 _aLCLIB
942 _cBK
999 _c12257
_d62736